<?xml version="1.0" encoding="UTF-8"?>
<record
    xmlns:xsi="http://www.w3.org/2001/XMLSchema-instance"
    xsi:schemaLocation="http://www.loc.gov/MARC21/slim http://www.loc.gov/standards/marcxml/schema/MARC21slim.xsd"
    xmlns="http://www.loc.gov/MARC21/slim">

  <leader>01546nam a22003737a 4500</leader>
  <controlfield tag="001">BRCA_9257</controlfield>
  <controlfield tag="003">FranzMayer</controlfield>
  <controlfield tag="005">20230717135922.0</controlfield>
  <controlfield tag="008">230714b        |||||||| |||| 00| 0 eng d</controlfield>
  <datafield tag="020" ind1=" " ind2=" ">
    <subfield code="a">9786075028200</subfield>
  </datafield>
  <datafield tag="040" ind1=" " ind2=" ">
    <subfield code="a">MFM</subfield>
    <subfield code="b">esp</subfield>
    <subfield code="c">MFM</subfield>
  </datafield>
  <datafield tag="041" ind1=" " ind2=" ">
    <subfield code="a">esp</subfield>
  </datafield>
  <datafield tag="050" ind1=" " ind2="0">
    <subfield code="a">N7343.23</subfield>
    <subfield code="b">L.57 2020</subfield>
  </datafield>
  <datafield tag="100" ind1="1" ind2=" ">
    <subfield code="4">Autor</subfield>
    <subfield code="a">Li Song</subfield>
    <subfield code="9">28730</subfield>
  </datafield>
  <datafield tag="110" ind1="1" ind2=" ">
    <subfield code="4">Editorial</subfield>
    <subfield code="a">Universidad de Veracruz</subfield>
    <subfield code="9">28731</subfield>
  </datafield>
  <datafield tag="240" ind1="1" ind2=" ">
    <subfield code="a">Historia el arte chino</subfield>
    <subfield code="h">Tomo 1</subfield>
    <subfield code="l">esp</subfield>
  </datafield>
  <datafield tag="245" ind1="0" ind2=" ">
    <subfield code="a">Historia del arte chino</subfield>
    <subfield code="b">Tomo 1: Del periodo anterior a la dinast&#xED;a Qin a la dinast&#xED;a Han </subfield>
  </datafield>
  <datafield tag="260" ind1=" " ind2=" ">
    <subfield code="a">Veracruz, M&#xE9;xico</subfield>
    <subfield code="b">Universidad de Veracruz</subfield>
    <subfield code="c">2020</subfield>
  </datafield>
  <datafield tag="300" ind1=" " ind2=" ">
    <subfield code="a">462 p</subfield>
    <subfield code="b">Ilustraciones a color</subfield>
    <subfield code="c">23 cm</subfield>
  </datafield>
  <datafield tag="440" ind1=" " ind2=" ">
    <subfield code="a">Historia del arte chino</subfield>
    <subfield code="n">Del periodo anterior a la dinast&#xED;a Qin a la dinast&#xED;a Han </subfield>
    <subfield code="v">Volumen 1 (Tomo 1)</subfield>
    <subfield code="9">28732</subfield>
  </datafield>
  <datafield tag="500" ind1=" " ind2=" ">
    <subfield code="a">L60/N5</subfield>
  </datafield>
  <datafield tag="505" ind1="2" ind2=" ">
    <subfield code="a">Traducci&#xF3;n de: Zhongguo MesihuPublicado con anterioridad como: Zhongguo MeishuDestinado a: Artistas, historiadores, antrop&#xF3;logos, investigadoresTexto en: Espa&#xF1;olIncluye &#xED;ndice tem&#xE1;tico</subfield>
  </datafield>
  <datafield tag="600" ind1="1" ind2=" ">
    <subfield code="2">Autor</subfield>
    <subfield code="a">Li Song</subfield>
    <subfield code="9">28733</subfield>
  </datafield>
  <datafield tag="650" ind1="1" ind2=" ">
    <subfield code="2">Arte</subfield>
    <subfield code="a">Historia del arte</subfield>
    <subfield code="v">China</subfield>
    <subfield code="9">28734</subfield>
  </datafield>
  <datafield tag="651" ind1="2" ind2=" ">
    <subfield code="2">Asia Oriental</subfield>
    <subfield code="a">China</subfield>
    <subfield code="v">Arte</subfield>
    <subfield code="9">28735</subfield>
  </datafield>
  <datafield tag="700" ind1="1" ind2=" ">
    <subfield code="4">Ed.</subfield>
    <subfield code="a">Garc&#xED;a Valencia, &#xC9;dgar</subfield>
    <subfield code="9">28736</subfield>
  </datafield>
  <datafield tag="700" ind1="1" ind2=" ">
    <subfield code="4">Dis.</subfield>
    <subfield code="a">Pozos Villanueva, Aida</subfield>
    <subfield code="9">28737</subfield>
  </datafield>
  <datafield tag="700" ind1="1" ind2=" ">
    <subfield code="4">Trad.</subfield>
    <subfield code="a">Celis, Martha</subfield>
    <subfield code="9">28738</subfield>
  </datafield>
  <datafield tag="700" ind1="1" ind2=" ">
    <subfield code="4">Trad.</subfield>
    <subfield code="a">&#xC1;lvarez, Claudia</subfield>
    <subfield code="9">28739</subfield>
  </datafield>
  <datafield tag="700" ind1="1" ind2=" ">
    <subfield code="4">Trad.</subfield>
    <subfield code="a">Sober&#xF3;n, Socorro</subfield>
    <subfield code="9">28740</subfield>
  </datafield>
  <datafield tag="700" ind1="1" ind2=" ">
    <subfield code="4">Trad.</subfield>
    <subfield code="a">Sentis Miranda, Emma</subfield>
    <subfield code="9">28741</subfield>
  </datafield>
  <datafield tag="700" ind1="1" ind2=" ">
    <subfield code="4">Trad.</subfield>
    <subfield code="a">Dimitrova, Radina</subfield>
    <subfield code="9">28742</subfield>
  </datafield>
  <datafield tag="942" ind1=" " ind2=" ">
    <subfield code="2">lcc</subfield>
    <subfield code="c">B</subfield>
  </datafield>
  <datafield tag="999" ind1=" " ind2=" ">
    <subfield code="c">10876</subfield>
    <subfield code="d">10876</subfield>
  </datafield>
  <datafield tag="952" ind1=" " ind2=" ">
    <subfield code="0">0</subfield>
    <subfield code="1">0</subfield>
    <subfield code="2">lcc</subfield>
    <subfield code="4">0</subfield>
    <subfield code="7">0</subfield>
    <subfield code="8">FCON</subfield>
    <subfield code="a">BRCA</subfield>
    <subfield code="b">BRCA</subfield>
    <subfield code="d">2023-07-14</subfield>
    <subfield code="e">Donaci&#xF3;n</subfield>
    <subfield code="l">0</subfield>
    <subfield code="o">N7343.23 L.57 2020</subfield>
    <subfield code="p">CONT10055</subfield>
    <subfield code="r">2023-07-14 00:00:00</subfield>
    <subfield code="t">1</subfield>
    <subfield code="w">2023-07-14</subfield>
    <subfield code="y">B</subfield>
  </datafield>
</record>
